| 000 | 00413nam a2200145Ia 4500 | ||
|---|---|---|---|
| 008 | 230711s9999||||xx |||||||||||||| ||und|| | ||
| 041 | _aENG | ||
| 082 |
_a4 _bGA-M |
||
| 100 | _aGaonkar,Ramesh S | ||
| 245 | 0 | _aMicroprocessor Architecture programming and applications 8085 | |
| 250 | _a4th Ed. | ||
| 260 |
_c2000 _aNew Delhi _bPrentice-Hall of India Private Limited |
||
| 650 | _aComputer Engineering | ||
| 942 | _cBK | ||
| 999 |
_c3878 _d3878 |
||